01466nam a22002295i 4500001000700000003000900007005001700016008004100033040003000074100004200104245028000146260008700426300002000513505032300533596007600856650004600932752002400978752002701002852004201029999001901071952014601090166937ES-MaACL20251015063150.0000713m18831887fr |||| | fre d aCCPB | B bspa cCCPB | B1 aVallée, Léon, d18-?-1919913353110aBibliographie des bibliographies b: première partie catalogue des bibliographies générales et particulières, par ordre alphabétique d´auters ... seconde partie répertoire des mèmes bibliographies par ordre alphabétique de matières / cpar Léon Vallée. aParis : bE.M. Terquem, c1883-1887 (eStuttgart : fimprimerie Kröner Frères) a2 v. ; c26 cm.8 aContiene: 1. Catalogue des bibliographies générales et particulières, par ordre alphabétique d'auteurs, avec indication complète du titre, des lieu et date de publication, du format, etc. (VI, 773 p.) -- 2. Répertoire des mêmes bibliographies par ordre alphabétique de matières. Supplément (354 p.) 1a2º vol. impreso en Rennes por Imprimerie Polyglotte Alph. Le Roy Fils. 4aBibliografía-vBibliografías.9224470 aFrancia - dParís aAlemania - dStuttgart aES-MaACLjB-3878-3879 z-- Enc. pasta c166937d166937 00102udc40708Biblioteca_profesional aATENEOMbATENEOMcSPBd2008-01-17l0oB-3878-3879p1175113r2023-02-23 00:00:00w2023-02-23yMONANT